Statistics for Marvel Symbiotes

Click here to take the quiz!

General Stats

  • This quiz has been taken 47 times
  • The average score is 9 of 14

Answer Stats

HintAnswer% Correct
Main symbiote in MarvelVenom
100%
Cletus Cassidy SymbioteCarnage
97%
Child of #1 R___Riot
93%
White version of venomAnti Venom
76%
Child of #1 S_____Scream
76%
Child of #1 L_____Lasher
66%
God of the SymbiotesKnull
62%
Child of #1 A____Agony
55%
Child of #1 P____Phage
55%
Other Child of #2Toxin
55%
Children of venom combinedHybrid
45%
Child of #2, TechnologicalScorn
34%
Zz__Zzxz
31%
First symbioteAll Black
21%

Score Distribution

Percentile by Number Answered

Percent of People with Each Score

Your Score History

You have not taken this quiz